| 000 | 00506nam a2200181Ia 4500 | ||
|---|---|---|---|
| 008 | 131103s9999 xx 000 0 und d | ||
| 020 |
_a81-259-0474-3 _cRs.35.00 |
||
| 040 | _aLoreto College | ||
| 041 | _aEnglish | ||
| 082 |
_aREF/IND/HIS _bLCBED/12143 |
||
| 100 | _aMurthi, R.K. | ||
| 245 |
_aMilestone 50 _b stories from India's freedom struggle _cR.K.Murthi |
||
| 260 |
_aDelhi _bMadhuban _c1997 |
||
| 300 |
_a127p _c 21cm. |
||
| 650 | _aIndia history | ||
| 850 | _aLCBED/REF/IND/HIS | ||
| 942 | _cBK | ||
| 999 |
_c30836 _d81315 |
||